000 00390nam a2200145Ia 4500
008 220217s9999||||xx |||||||||||||| ||und||
020 _a81-7808-297-7
082 _a005.13 ECK
100 _aEckel, Bruce Minview, Precident
_92805
245 0 _aThinking in C++
250 _a2nd
260 _aPearson education asia
_bDelhi
_c2001
300 _b495
650 _aPROGRAMMING LANGUAGE
999 _c170043
_d170043